Регионална библиотека "Любен Каравелов" - Русе

Spisovny jazyk bulharsky (Запис номер 344226)

MARC детайли
000 -Лидер
Контролно поле с фиксирана дължина 00889nam a2200277 c 4500
003 - Код на организацията, давaща контролен номер
Контролно поле BLK
005 - Дата и час на последна редакция
Контролно поле 20200428161832.0
008 - Елементи от данни с фиксирана дължина
fixed length control field 180911b bul|||||r ||||||| ||bul||
010 ## - Наследен системен номер
LC control number 003891
040 ## - Източник на каталожния запис
Идентификатор на билиотеката - собственик на записа BLK
041 ## - Код за език
Код за езика на текст/звукозапис или на отделно заглавие Словашки
Код за езика КДБФ Български
080 ## - УДК
УДК - код + определител 808.67-02
100 1# - Редна дума - Автор
Автор PATA, Josef
Авторска отговорност първи автор
R(LIN) 399966
245 00 - Сведения за заглавието
Заглавие Spisovny jazyk bulharsky
260 ## - Област на издателските данни
Място на издаване, разпространение и проч. Praha
Година на издаване 1937
300 ## - Физическа характеристика
Страници 21 с
Размери/Мащаб 24 см
380 ## - Жанр
Жанр История
490 ## - СЕРИИ (Колекции)
Име на серия Частна колекция - Академик Михаил Арнаудов
Бележки за серията Дарение - Основен фонд
500 ## - Общи забележки
Забележка Автограф с текст: Pann prof. M. Arnaudovu s pratelsku upominku Jos. Pata Praha. 1/10 37.;
501 ## - Забележка „подвързано към”
Забележка: Подвързано към... Extr. Slovanske spisovne jazyk : 1937. - с. 217-238.
520 ## - Забележка за наличие на резюме, анотация и т.н
Анотация, рецензия, сканиран текст
650 ## - Допълнително описание по предмет – тема
Основно описание – тема или топоним История
9 (RLIN) 399967
655 ## - Ключова дума – жанр/разновидност
Данни за жанр/разновидност или ключова дума за фокус българско езикознание
700 1# - Други автори (авторска отговорност)
Лично име Josef Pata
9 (RLIN) 399968
852 ## - Местоположение
Форматна сигнатура МА 3750
999 ## - СИСТЕМНИ КОНТРОЛНИ НОМЕРА
Koha biblionumber 344226
Koha biblioitemnumber 344226
942 ## - АРТИКУЛИ
Вид на библиотечния материал Книги
Скрит в OPAC Не
Периодичен библиозапис Да
944 ## - СЪЗДАВАНЕ И РЕДАКЦИЯ на ЗАПИСА
Създаване/Редакция Създаване
Дата на регистрацията/редакция 1994
999 ## - СИСТЕМНИ КОНТРОЛНИ НОМЕРА
Koha biblioitemnumber 344226
999 ## - СИСТЕМНИ КОНТРОЛНИ НОМЕРА
Koha biblioitemnumber 344226
999 ## - СИСТЕМНИ КОНТРОЛНИ НОМЕРА
Koha biblioitemnumber 344226
Наличности
Код за отписване Код за изгубен артикул Източник на класификационната схема Код за повреда Коз за рестрикции Код за отдаване Артикулен № Име на библиотеката - собственик Име на библиотеката, в която се намира в момента Статус (Текущо местоположение) Местоположение - отдел Цена в лева Номерация (Хронология) Инвентарен номер Систематично азбучна сигнатура Баркод Номер на екземпляра Цена в евро Служебен тип на артикула
  Не е изгубен Universal Decimal Classification Не е повреден без рестрикции Специални фондове ( старопечатни, редки и ценни, фонд М. Арнаудов) 744600 Регионална библиотека "Любен Каравелов" Русе Регионална библиотека "Любен Каравелов" Русе Фонд "Михаил Арнаудов" Фонд "Михаил Арнаудов" 10.00 Автограф: Jos. Pata 587761 МА 3750 120000587761 1 5.11 Книги
Vip Innovations Ltd, Rousse, Bulgaria 2025